000 00509nam a2200169 i 4500
001 43150
003 ES-MaACL
005 20230906160735.0
007 t|
008 030317s1972 sp ||||1| spa d
100 1 _aCerroni, Umberto.
_937576
245 1 3 _aLa libertad de los modernos /
_cUmberto Cerroni, [traducción de R. de la Iglesia].
260 _a[Barcelona] :
_bMartínez Roca,
_c[1972]
300 _a316 p. ;
_c20 cm.
700 1 _aIglesia, R. de la.
_965060
852 _aES-MaACL
_jC-51671
_bR.83889
999 _c43150
_d43150